| 000 | 03245cam a22011894i 4500 | ||
|---|---|---|---|
| 003 | PE-LiUPU | ||
| 005 | 20250813185335.0 | ||
| 008 | 160922s r 000 0 spa d | ||
| 020 | _a8448100670 | ||
| 020 | _a9788448100674 | ||
| 035 | _a(Sirsi) a163701 | ||
| 040 |
_aPE-LiUPU _bspa _cPE-LiUPU _dPE-LiUPU _erda |
||
| 049 | _aPRUA | ||
| 082 | 0 | 4 |
_a332.63 _bS19 _220 |
| 100 | 1 |
_aSapag Chain, Nassir, _eautor. |
|
| 245 | 1 | 0 |
_aCriterios de evaluación de proyectos : _bcomo medir la rentabilidad de las inversiones / _cNassir Sapag Chain. |
| 264 | 1 |
_aMéxico : _bMcGraw-Hill/Interamericana de España, _c1993. |
|
| 300 |
_axii, 144 páginas ; _c24 centímetros |
||
| 336 |
_atext _2rdacontent |
||
| 337 |
_aunmediated _2rdamedia |
||
| 338 |
_avolume _2rdacarrier |
||
| 505 | 0 | _aNuevo enfoque para la evaluación de proyectos -- Limitaciones al trabajo del evaluador: las variables del entorno -- Viabilidad de un proyecto -- Estudio de mercado: una visión más amplia -- Mercado consumidor -- Una estrategia comercial para el proyecto -- Influencia del estudio técnico -- Optimizar el proyecto -- El problema organizacional -- Valores de desecho -- Proyecto de flujo de caja -- A modo de conclusión. | |
| 526 | _aP202 | ||
| 526 | _aP201 | ||
| 526 | _aP163 | ||
| 526 | _aP162 | ||
| 526 | _aP161 | ||
| 526 | _aP160 | ||
| 526 | _aP148 | ||
| 526 | _aP147 | ||
| 526 | _aP146 | ||
| 526 | _aP145 | ||
| 526 | _aP144 | ||
| 526 | _aP143 | ||
| 526 | _aP142 | ||
| 526 | _aP141 | ||
| 526 | _aP140 | ||
| 526 | _aP139 | ||
| 526 | _aP138 | ||
| 526 | _aP137 | ||
| 526 | _aP136 | ||
| 526 | _aP135 | ||
| 526 | _aP134 | ||
| 526 | _aP133 | ||
| 526 | _aP129 | ||
| 526 | _aP128 | ||
| 526 | _aP127 | ||
| 526 | _aP120 | ||
| 526 | _aP119 | ||
| 526 | _aP118 | ||
| 526 | _aP116 | ||
| 526 | _aP115 | ||
| 526 | _aP114 | ||
| 526 | _aP110 | ||
| 526 | _aP109 | ||
| 526 | _aP108 | ||
| 526 | _aP104 | ||
| 526 | _aP103 | ||
| 526 | _aP102 | ||
| 526 | _aP99 | ||
| 526 | _aP98 | ||
| 526 | _aP97 | ||
| 526 | _aP96 | ||
| 526 | _aP95 | ||
| 526 | _aP93 | ||
| 526 | _aP90 | ||
| 526 | _aP89 | ||
| 526 | _aP88 | ||
| 526 | _aP83 | ||
| 526 | _aP82 | ||
| 526 | _aP62 | ||
| 526 | _aP59 | ||
| 526 | _aP58 | ||
| 526 | _aP57 | ||
| 526 | _aP51 | ||
| 526 | _aP49 | ||
| 526 | _aP48 | ||
| 526 | _aP47 | ||
| 526 | _aP29 | ||
| 526 | _aP24 | ||
| 526 | _aP20 | ||
| 526 | _aP19 | ||
| 526 | _aP17 | ||
| 526 | _aP15 | ||
| 526 | _aP14 | ||
| 526 | _aP12 | ||
| 526 | _aP10 | ||
| 526 | _aP09 | ||
| 526 | _aP08 | ||
| 526 | _aP07 | ||
| 526 | _aP06 | ||
| 526 | _aP05 | ||
| 526 | _aP04 | ||
| 526 | _aP01 | ||
| 910 |
_ajck _bncf _cncf _d20160922 |
||
| 942 |
_2ddc _cBOOK |
||
| 949 |
_a332.63 S19 _wDEWEY _c1 _i74591 _lCATALOGING _mBUL _p14.00 _r0 _sY _tBOOK _u22/09/16 _xFCE _PP04 _0DONACION _o.STAFF. Colección Ciencias Empresariales |
||
| 994 |
_aC0 _bPEPRU |
||
| 596 | _a1 | ||
| 999 |
_a332.63 S19 _wDEWEY _c12565 _i74591 _d12565 _f2019-12-11 _g5 _lCCODEBUL1 _mBUL _p14.00 _q1 _r1 _sY _tBOOK _u2016-9-22 _xFCE _zP04 _0DONACION _o.STAFF. Colección Ciencias Empresariales |
||
| 980 |
_81 _gALBERTO SANCHEZ Responsable de Automatización |
||